Diário secreto de Camila (Registo nº 1251)

Detalhes MARC
000 -Etiqueta do registo
Cabeçalho 01589cam a2200265 4500
005 - Identificador da versão
Campo de controlo 20240813121830.0
010 ## - Número internacional normalizado dos livros (ISBN)
Número (ISBN) 9722112562
021 ## - Número do Depósito Legal
Código do país PT
Número 134972/99
100 ## - Dados gerais de processamento
Dados gerais de processamento 20000222d1999 de y0pory5003 ba
102 ## - Pais de publicação ou produção
País de publicação Portugal
101 0# - Língua de publicação
Língua do texto, banda sonora, etc. Português
106 ## - Campo de dados codificados: material textual
Dados codificados do material textual r
105 ## - Campo de dados codificados: livros
Dados codificados dos livros y z 000ay
215 ## - Descrição física 
Indicação específica da natureza do documento e extensão da espécie 159 p.
Dimensões 21 cm
200 1# - Titulo e menção de responsabilidade
Título próprio Diário secreto de Camila
Primeira menção de responsabilidade Ana Maria Magalhães, Isabel Alçada
225 2# - Colecção 
Título próprio da colecção Livros do dia e da noite
210 ## - Publicação, Distribuição, etc. 
Lugar da edição, distribuição, etc. Lisboa
Nome do editor, distribuidor, etc. Caminho
Data da publicação, distribuição, etc. imp. 1999
330 ## - Sumário ou Resumo
Texto da nota Apesar de ser Inverno e de estar frio, Camila decidiu ir comprar um gelado. Enquanto esperava o troco, deu de caras com um rapaz que lhe pôs o coração em alvoroço. Quem seria? Teria reparado nela? O encontro breve não permitiu tirar conclusões, mas uma coisa era certa: apaixonara-se irremediavelmente. Como lhe pareceu captar indícios de que ele vinha morar para o bairro, nunca mais teve sossego. A vida ganhou um sabor novo, passou a girar ao ritmo dos sentimentos e a concluir longas horas sobre os prédios em redor: Tantas emoções juntas fizeram-na sentir a necessidade de escrever um diário. E o hábito de comunicar ao papel os pensamentos mais íntimos transformou-a numa observadora atenta, crítica, perspicaz. Dia após dia vai aprofundando o conhecimento de si própria, dos outros, do mundo. Multiplicam-se as descobertas e as surpresas, mas a paixão resiste.
675 ## - Classificação Decimal Universal (CDU)
Notação 821.134.3-93"19"
Edição BN
Língua da edição por
701 #1 - Nome de autor-pessoa física (co-responsabilidade principal)
Palavra de ordem Alçada
Outra parte do nome não tomada para palavra de ordem Isabel
Elementos de identificação ou distinção pseud.
Código de função Autor / Co-autor
700 #1 - Nome de autor-pessoa física (responsabilidade principal)
Número de registo de entrada de autoridade 0000674
Palavra de ordem Magalhães
Outra parte do nome não tomada para palavra de ordem Ana Maria
Datas 1946-
942 ## - Elementos de entrada adicionados (Koha)
Tipo de item no Koha Livro
Exemplares
Situação do levantamento Origin of item (home branch) (coded) Biblioteca de empréstimo Código de barras Cota Circulation type (not for loan) Tipo de documento Nota do exemplar Damaged status
  Biblioteca Escolar Eng. Nuno Mergulhão Biblioteca Escolar Eng. Nuno Mergulhão BENM2610 8POR MAG   Livro Sem mensagem